[Event "Aragon-chT Honor Descenso"]
[Site "Aragon"]
[Date "2013.03.16"]
[Round "8.20"]
[White "Martinez Crespo, Juan"]
[Black "Larraz Giganto, Carlos"]
[Result "0-1"]
[WhiteElo "1857"]
[BlackElo "1876"]
[PlyCount "72"]
[EventDate "2013.01.26"]
[EventType "team-tourn"]
[EventRounds "11"]
[EventCountry "ESP"]
[SourceTitle "EXT 2014"]
[Source "ChessBase"]
[SourceDate "2013.11.20"]
[SourceVersion "1"]
[SourceVersionDate "2013.11.20"]
[SourceQuality "1"]
[WhiteTeam "Agrupacion II"]
[BlackTeam "IberCaja II"]
[WhiteTeamCountry "ESP"]
[BlackTeamCountry "ESP"]

1. e4 c5 2. Nf3 d6 3. d4 cxd4 4. Nxd4 Nf6 5. f3 e5 6. Bb5+ Bd7 7. Bxd7+ Nbxd7 8. Nf5 Nb6 9. c4 Nxc4 10. Qa4+ Qd7 11. Qxc4 Rc8 12. Qxc8+ Qxc8 13. 0-0 d5 14. Bg5 h6 15. Bxf6 gxf6 16. Nc3 d4 17. Nd5 Kd8 18. Rac1 Qe6 19. Rc7 Qxd5 20. exd5 Kxc7 21. f4 Bd6 22. fxe5 Bxe5 23. Rc1+ Kd7 24. Rd1 Rc8 25. Rd2 Rc5 26. d6 Rd5 27. g4 Bxd6 28. Kg2 d3 29. a3 Bf4 30. Rd1 h5 31. h3 hxg4 32. hxg4 d2 33. Kf3 Bg5 34. Ne3 Rd3 35. Ke2 Rxe3+ 36. Kxd2 Ke6 0-1

[Event "Aragon-ch Primera"]
[Site "Spain"]
[Date "2009.??.??"]
[Round "2"]
[White "Juni Pardos, Marcos"]
[Black "Larraz Giganto, Carlos"]
[Result "0-1"]
[WhiteElo "1808"]
[BlackElo "1697"]
[PlyCount "52"]
[EventDate "2009.??.??"]
[EventType "swiss"]
[EventRounds "9"]
[EventCountry "ESP"]
[SourceTitle "EXT 2013"]
[Source "ChessBase"]
[SourceDate "2012.11.22"]
[SourceVersion "1"]
[SourceVersionDate "2012.11.22"]
[SourceQuality "1"]

1. e4 d6 2. d4 Nf6 3. Nc3 g6 4. Be3 Ng4 5. Bg5 h6 6. Bh4 Bg7 7. Qd2 Nc6 8. h3 Nf6 9. f4 e5 10. dxe5 Nxe4 11. Bxd8 Nxd2 12. Bxc7 Nxf1 13. Kxf1 dxe5 14. fxe5 0-0 15. Re1 Be6 16. Bd6 Rfe8 17. Nf3 f6 18. Kf2 fxe5 19. Nxe5 Rad8 20. Nb5 Bxe5 21. Bxe5 Rd2+ 22. Kg3 Bd5 23. Bc3 Rxg2+ 24. Kh4 Rf8 25. Rhf1 Rxf1 26. Rxf1 Bc4 0-1

[Event "Aragon-ch Primera"]
[Site "Spain"]
[Date "2009.??.??"]
[Round "7"]
[White "Larraz Giganto, Carlos"]
[Black "Sanz Herrero, Alberto"]
[Result "1-0"]
[WhiteElo "1697"]
[BlackElo "1793"]
[PlyCount "127"]
[EventDate "2009.??.??"]
[EventType "swiss"]
[EventRounds "9"]
[EventCountry "ESP"]
[SourceTitle "EXT 2013"]
[Source "ChessBase"]
[SourceDate "2012.11.22"]
[SourceVersion "1"]
[SourceVersionDate "2012.11.22"]
[SourceQuality "1"]

1. e4 e5 2. Nf3 Nc6 3. Bc4 Bc5 4. c3 Nf6 5. d4 exd4 6. cxd4 Bb4+ 7. Bd2 Bxd2+ 8. Nbxd2 d6 9. 0-0 Bg4 10. Qc2 0-0 11. Rfe1 Nd7 12. h3 Bh5 13. Rac1 Qf6 14. Bb5 Ndb8 15. d5 Nd4 16. Nxd4 Qxd4 17. Nb3 Qb6 18. Bd3 c5 19. e5 Bg6 20. e6 Bxd3 21. Qxd3 fxe6 22. dxe6 Nc6 23. e7 Rfe8 24. Qd5+ Kh8 25. Qxd6 Nb4 26. Rcd1 c4 27. Nc5 Nc6 28. a3 Qxb2 29. Rb1 Qf6 30. Nxb7 Qxd6 31. Nxd6 Rxe7 32. Rxe7 Nxe7 33. Nxc4 h6 34. Rb7 Nf5 35. Na5 Nd4 36. Kh2 a6 37. Rb6 Nb5 38. Nc4 Nc3 39. Nd6 a5 40. Rb3 Nd5 41. Nc4 a4 42. Rd3 Nc7 43. Rd7 Nb5 44. Rb7 Nc3 45. Ne3 Ra5 46. g4 Ne4 47. Kg2 Rc5 48. Rb4 Nc3 49. Rc4 Rxc4 50. Nxc4 Kg8 51. Kf3 Kf7 52. Ke3 Ke6 53. f3 Kd5 54. Kd3 Nd1 55. Nb6+ Kc6 56. Nxa4 Nf2+ 57. Ke3 Nxh3 58. f4 Kb5 59. Nc3+ Kc4 60. Ne2 g5 61. f5 h5 62. gxh5 g4 63. h6 Kb3 64. h7 1-0

[Event "Aragon-ch Primera"]
[Site "Spain"]
[Date "2009.??.??"]
[Round "9"]
[White "Larraz Giganto, Carlos"]
[Black "Teresa Moya, Alejandro"]
[Result "0-1"]
[WhiteElo "1697"]
[BlackElo "1705"]
[PlyCount "108"]
[EventDate "2009.??.??"]
[EventType "swiss"]
[EventRounds "9"]
[EventCountry "ESP"]
[SourceTitle "EXT 2013"]
[Source "ChessBase"]
[SourceDate "2012.11.22"]
[SourceVersion "1"]
[SourceVersionDate "2012.11.22"]
[SourceQuality "1"]

1. e4 e5 2. Nf3 d6 3. Bc4 Be6 4. Bxe6 fxe6 5. d4 exd4 6. Nxd4 Qd7 7. Qh5+ g6 8. Qh3 e5 9. Qe6+ Be7 10. Qxd7+ Kxd7 11. Ne2 Nf6 12. f3 Nc6 13. Be3 h6 14. a3 g5 15. Nd2 a5 16. 0-0-0 b5 17. Nb3 Ke6 18. Nc3 b4 19. Nb5 Rhc8 20. a4 Nd7 21. g3 Nb6 22. h4 Nc4 23. Bf2 Nb6 24. Rdf1 Nxa4 25. hxg5 Bxg5+ 26. Kb1 Rab8 27. Na7 Nxa7 28. Bxa7 Ra8 29. f4 Rxa7 30. fxg5 hxg5 31. Rh6+ Kd7 32. Rh7+ Kc6 33. Rg7 Raa8 34. Rff7 Nb6 35. Rxg5 Nc4 36. Rgg7 a4 37. Nc1 Nd2+ 38. Ka2 Nxe4 39. Rg4 b3+ 40. cxb3 axb3+ 41. Kxb3 Rcb8+ 42. Kc2 Rb4 43. Rgg7 Ra7 44. Nd3 Rc4+ 45. Kd1 Ra1+ 46. Ke2 Ra7 47. Rg6 Kd5 48. Rf5 Rc2+ 49. Kf3 Rb7 50. Rg4 Nd2+ 51. Ke2 Nc4+ 52. Kf3 Rb3 53. Rxc4 Rxd3+ 54. Kg4 Rxc4+ 0-1

[Event "Aragon-ch Primera"]
[Site "Spain"]
[Date "2009.??.??"]
[Round "8"]
[White "Nunez Gonzalez, Victor Antonio"]
[Black "Larraz Giganto, Carlos"]
[Result "0-1"]
[WhiteElo "1681"]
[BlackElo "1697"]
[PlyCount "130"]
[EventDate "2009.??.??"]
[EventType "swiss"]
[EventRounds "9"]
[EventCountry "ESP"]
[SourceTitle "EXT 2013"]
[Source "ChessBase"]
[SourceDate "2012.11.22"]
[SourceVersion "1"]
[SourceVersionDate "2012.11.22"]
[SourceQuality "1"]

1. d4 Nf6 2. Nf3 g6 3. e3 Bg7 4. Bd3 c5 5. c3 b6 6. Nbd2 Bb7 7. Qe2 0-0 8. 0-0 d6 9. e4 Nh5 10. g3 Qc8 11. Kg2 Qg4 12. Nb3 Rc8 13. h3 Qd7 14. Re1 Qc7 15. dxc5 bxc5 16. Bc4 e6 17. Nbd2 Nd7 18. Ba6 Bxa6 19. Qxa6 c4 20. Nf1 Ne5 21. Nxe5 Bxe5 22. f4 Bg7 23. Rd1 Nf6 24. Qxd6 Qb7 25. Kg1 Qxe4 26. Qd4 Qf3 27. Re1 Ng4 28. Qe4 Qf2+ 29. Kh1 Nf6 30. Qe3 Qc2 31. Qe2 Qf5 32. Kg2 Nd5 33. Qe4 Qxe4+ 34. Rxe4 Rab8 35. Ne3 Nxe3+ 36. Rxe3 Rb7 37. Re4 Rc6 38. Kf3 a5 39. a3 f5 40. Re2 Rcb6 41. g4 Kf7 42. Ra2 Rd6 43. Rd2 Rbd7 44. Rxd6 Rxd6 45. Ra1 Rd1 46. Rb1 Bh6 47. g5 Bg7 48. Ke2 Rh1 49. a4 Rh2+ 50. Kf3 Rxh3+ 51. Kg2 Rd3 52. Kf2 Rd1 53. Ke2 Rh1 54. Kd2 h5 55. Kc2 h4 56. Be3 Rxb1 57. Kxb1 h3 58. Bg1 e5 59. Bh2 Ke6 60. Kc2 exf4 61. Kd2 Be5 62. Ke1 f3 63. Bg1 h2 64. Bxh2 Bxh2 65. Kf2 Bf4 0-1